The state of the world's plant genetic resources for food and agriculture : L'état des ressources phytogénétiques pour l'alimentation et l'agriculture dans le monde = El estado de los recursos fitogenéticos en el mundo para la alimentación y la agricultura.

Prepared from 158 country reports, 15 sub-regional syntheses reports, this Global Plan of Action is the 1st comprehensive assessment effort to safeguard plant genetic resources and use them to ensure food security and sustainability of agriculture.

Bibliographic Details
Corporate Authors: Food and Agriculture Organization of the United Nations, International Technical Conference on Plant Genetic Resources
Format: Government Document Conference Proceeding Software eBook
Language:English
French
Spanish
Language Notes:Text in English, French, and Spanish.
Published: Rome, Italy : Food and Agriculture Organization of the United Nations, [1997]
Subjects:

MARC

Tag First Indicator Second Indicator Subfields
LEADER 00000cam a2200000Ia 4500
001 in00000001339
005 20151007050412.0
006 m m i
007 cc cg|||||||||
007 co cg|||||||||
008 981014s1997 it q i000 0 eng d
035 |a (OCoLC)ocm40108864 
035 |9 AJB2756AM 
035 |a (OCoLC)40108864 
040 |a UIU  |c UIU  |d GPO  |d GAO  |d OCL  |d AGL  |d OCLCQ  |d UtOrBLW 
041 0 |a eng  |a fre  |a spa 
049 |a TXAM 
050 4 |a SB175  |b .S72 
070 0 |a SB123.3.S73  |b 1997 
072 0 |a F200 
074 |a 0015-A 
086 0 |a A 1.142:P 69/ENG./FR./SPAN./CD 
245 0 4 |a The state of the world's plant genetic resources for food and agriculture :  |b L'état des ressources phytogénétiques pour l'alimentation et l'agriculture dans le monde = El estado de los recursos fitogenéticos en el mundo para la alimentación y la agricultura. 
246 3 0 |a World's plant genetic resources for food and agriculture 
246 3 1 |a Etat des ressources phytogénétiques pour l'alimentation et l'agriculture dan's le monde 
246 3 1 |a Estado de los recursos fitogenéticos en el mundo para la alimentación y la agricultura 
246 3 1 |a El estado de los recursos fitogenéticos en el mundo para la alimentación y la agricultura. 
256 |a Electronic data. 
264 1 |a Rome, Italy :  |b Food and Agriculture Organization of the United Nations,  |c [1997] 
300 |a 1 CD-ROM :  |b color ;  |c 4 3/4 in. +  |e 1 container insert user's guide. 
336 |a text  |b txt  |2 rdacontent 
337 |a computer  |b c  |2 rdamedia 
338 |a computer disc  |b cd  |2 rdacarrier 
500 |a Title from disc label. 
538 |a Minimum system requirements: 8 MB RAM; CD-ROM drive. Recommended: 16 MB RAM; 4x CD-ROM drive, CPU clock 100 Mhz or better. 
500 |a Title from title screen. 
546 |a Text in English, French, and Spanish. 
500 |a Prepared for the International Technical Conference on Plant Genetic Resources, Leipzig, Germany, 17-23 June 1996. 
500 |a Shipping list number: 98-0071-E. 
500 |a Distributed by Dept. of Agriculture to depository libraries. 
520 |a Prepared from 158 country reports, 15 sub-regional syntheses reports, this Global Plan of Action is the 1st comprehensive assessment effort to safeguard plant genetic resources and use them to ensure food security and sustainability of agriculture. 
500 |a Electronic resource. 
650 0 |a Food crops  |x Breeding. 
650 0 |a Food crops  |x Germplasm resources. 
650 0 |a Germplasm resources, Plant. 
650 0 |a Plant genetics. 
650 0 |a Plant breeding. 
710 2 |a Food and Agriculture Organization of the United Nations. 
711 2 |a International Technical Conference on Plant Genetic Resources  |n (4th :  |d 1996 :  |c Leipzig, Germany) 
994 |a C0  |b TXA 
948 |a cataloged  |b h  |c 20101029  |e zprado  |f 03:28:30 pm 
999 |a MARS 
999 f f |s 7fa99b9e-9573-36fb-8a80-0f0854447b00  |i 98d94860-d903-3c88-abfa-3224076a97f0  |t 0 
952 f f |p normal  |a Texas A&M University  |b College Station  |c Sterling C. Evans Library  |d Evans: US Documents CD-ROMs (Annex 5th floor)  |t 0  |e A 1.142:P 69/ENG./FR./SPAN./CD  |h Superintendent of Documents classification  |i computer -- computer disc  |m A14820684449 
998 f f |a A 1.142:P 69/ENG./FR./SPAN./CD  |t 0  |l Evans: US Documents CD-ROMs (Annex 5th floor)